000
00299 a2200121 4500
003
Nust
005
20170207154221.0
040
_c
Nust
082
_a
371.33
245
_a
Potential Offrs Dev course (PODC) (CD-12)
440
_a
Potential Offrs Dev course (PODC) (CD-12)
538
_a
Duration Mins 10
650
_a
CD No 354
_c
CD-12
999
_c
195316
_d
195316